LIBRARY & INFORMATION CENTRE, KCAET, TAVANUR

ONLINE PUBLIC ACCESS CATALOGUE (OPAC)

Editorial prblem in Shakespeare:a survey of the foundations of the text / (Record no. 4883)

MARC details
000 -LEADER
fixed length control field 00437cam a2200157ua 4500
041 ## - LANGUAGE CODE
Language code of text/sound track or separate title eng
082 ## - DEWEY DECIMAL CLASSIFICATION NUMBER
Classification number 828.09
Item number GRE/ED
100 ## - MAIN ENTRY--AUTHOR NAME
Personal name Greg, W W .
245 ## - TITLE STATEMENT
Title Editorial prblem in Shakespeare:a survey of the foundations of the text /
260 ## - PUBLICATION, DISTRIBUTION, ETC. (IMPRINT)
Place of publication London :
Name of publisher Oxford at the Clarendon Press ,
Year of publication 1939.
300 ## - PHYSICAL DESCRIPTION
Number of Pages 210 ; .
942 ## - ADDED ENTRY ELEMENTS (KOHA)
Koha item type Books
Holdings
Withdrawn status Lost status Damaged status Home library Current library Date acquired Full call number Accession Number Koha item type Cost, normal purchase price Public note
Withdrawn     KAUAET Malayalam University 07/04/2012 828.09 11932 Books    
Withdrawn     KAUAET Sanskrit University 07/04/2012 828.09 6691 Books 18.00 Transferred to Sanskrit University
free website counter